000 00572nam a2200145Ia 4500
008 090122s9999 xx 000 0 und d
082 _b6067
_a891.4681
100 _aढसाळ
_bनामदेव
_cलक्ष्मण
245 _aतुही इयत्ता कंची तुही इयत्ता
600 _aढसाळ
630 _aतुही इयत्ता कंची तुही इयत्ता
700 _aढसाळ
730 _aतुही इयत्ता कंची तुही इयत्ता
942 _cBOOK
999 _c30144
_d30144